00776nam a2200169 a 4500020001700000040000800017082002600025110006000051245012700111250001100238260012900249300002800378500007900406500004600485650001400531710006100545 a0852381476 : cUKM a639 PUB 1987 A045 Or.2 aFood and Agriculture Organization of the United Nations10aCatalogue of small-scale fishing gear =bCatalogue des engins de peche artisanale = Catalogo de artes de pesca artesanal / a2nd ed aFarnham :bPublished by arrangement with the Food and Agriculture Organization of the United Nations by Fishing News,cc1987 a224 p. :bill. ;c31 cm aPrevious ed.: published as FAO catalogue of small-scale fishing gear. 1975 aParallel English, French and Spanish text 0aFisheries20aFood and Agriculture Organization of the United Nations.